Rolling Stone's 100 Greatest Artists - Statistics

General Stats
  • This quiz has been taken 2,122 times
  • The average score is 42 of 100
Answer Stats
Position Answer % Correct
1. The Beatles
97%
4. The Rolling Stones
90%
35. Michael Jackson
87%
3. Elvis Presley
82%
2. Bob Dylan
76%
14. Led Zeppelin
76%
52. Queen
75%
30. Nirvana
74%
49. Elton John
73%
9. Aretha Franklin
72%
51. Pink Floyd
69%
6. Jimi Hendrix
67%
36. Madonna
66%
61. Metallica
65%
27. Prince
64%
72. AC/DC
63%
39. David Bowie
62%
38. John Lennon
62%
29. The Who
62%
83. Eminem
61%
12. The Beach Boys
58%
41. The Doors
57%
85. Black Sabbath
55%
5. Chuck Berry
55%
92. Guns n’ Roses
55%
15. Stevie Wonder
55%
88. Jay-Z
54%
18. Marvin Gaye
54%
86. Tupac Shakur
54%
22. U2
53%
23. Bruce Springsteen
52%
28. The Clash
52%
55. Eric Clapton
49%
7. James Brown
49%
73. Radiohead
49%
75. Eagles
48%
31. Johnny Cash
47%
60. The Sex Pistols
47%
59. Aerosmith
46%
11. Bob Marley
46%
47. Patti Smith
45%
65. The Kinks
45%
26. The Ramones
45%
66. Al Green
44%
10. Ray Charles
44%
70. The Police
44%
46. Janis Joplin
43%
8. Little Richard
42%
40. Simon and Garfunkel
42%
67. Cream
41%
34. Neil Young
41%
84. James Taylor
40%
13. Buddy Holly
39%
82. Creedence Clearwater Revival
39%
96. Diana Ross and the Supremes
39%
56. Dr. Dre
39%
63. Tina Turner
38%
62. Joni Mitchell
37%
21. Otis Redding
37%
19. The Velvet Underground
37%
97. R.E.M.
36%
95. Lynyrd Skynyrd
34%
16. Sam Cooke
34%
100. Talking Heads
33%
42. Van Morrison
32%
77. Beastie Boys
31%
50. The Band
31%
91. Tom Petty
31%
90. Carlos Santana
30%
48. Run-DMC
30%
68. The Temptations
30%
57. Grateful Dead
29%
24. Jerry Lee Lewis
29%
44. Public Enemy
29%
45. The Byrds
29%
37. Roy Orbison
28%
94. Nine Inch Nails
27%
74. Hank Williams
25%
25. Fats Domino
24%
17. Muddy Waters
24%
79. The Four Tops
24%
71. Frank Zappa
23%
32. Smokey Robinson and the Miracles
23%
53. The Allman Brothers Band
23%
80. Elvis Costello
22%
78. The Stooges
22%
89. The Yardbirds
22%
43. Sly and the Family Stone
21%
33. The Everly Brothers
19%
98. Curtis Mayfield
18%
20. Bo Diddley
17%
69. Jackie Wilson
17%
99. Carl Perkins
15%
54. Howlin’ Wolf
13%
81. The Drifters
13%
76. The Shirelles
12%
93. Booker T. and the MGs
11%
58. Parliament and Funkadelic
11%
64. Phil Spector
11%
87. Gram Parsons
9%
No matching quizzes found
Score Distribution
Percent of People with Each Score
Percentile by Number Answered
Your Score History
You have not taken this quiz